50 battles that changed the world : (Record no. 593033)
[ view plain ]
| 000 -LEADER | |
|---|---|
| fixed length control field | 02337cam a2200265 a 4500 |
| 001 - CONTROL NUMBER | |
| control field | 12301363 |
| 003 - CONTROL NUMBER IDENTIFIER | |
| control field | NUST |
| 005 - DATE AND TIME OF LATEST TRANSACTION | |
| control field | 20230127130045.0 |
| 008 - FIXED-LENGTH DATA ELEMENTS--GENERAL INFORMATION | |
| fixed length control field | 010206s2001 njua b 001 0 eng |
| 010 ## - LIBRARY OF CONGRESS CONTROL NUMBER | |
| LC control number | 2001030167 |
| 020 ## - INTERNATIONAL STANDARD BOOK NUMBER | |
| International Standard Book Number | 978-81-8274-311-3 |
| 040 ## - CATALOGING SOURCE | |
| Original cataloging agency | DLC |
| Transcribing agency | DLC |
| Modifying agency | DLC |
| 050 00 - LIBRARY OF CONGRESS CALL NUMBER | |
| Classification number | D25 |
| Item number | .W44 2001 |
| 082 00 - DEWEY DECIMAL CLASSIFICATION NUMBER | |
| Classification number | 904.7,WEI |
| Edition number | 21 |
| 100 1# - MAIN ENTRY--PERSONAL NAME | |
| Personal name | Weir, William, |
| Dates associated with a name | 1928- |
| 9 (RLIN) | 107905 |
| 245 10 - TITLE STATEMENT | |
| Title | 50 battles that changed the world : |
| Remainder of title | the conflicts that most influenced the course of history / |
| Statement of responsibility, etc. | William Weir. |
| 246 3# - VARYING FORM OF TITLE | |
| Title proper/short title | Fifty battles that changed the world |
| 260 ## - PUBLICATION, DISTRIBUTION, ETC. | |
| Place of publication, distribution, etc. | India |
| Name of publisher, distributor, etc. | Pentagon Press |
| Date of publication, distribution, etc. | 2008 |
| 300 ## - PHYSICAL DESCRIPTION | |
| Extent | 319 p. : |
| Other physical details | ill. ; |
| Dimensions | 26 cm. |
| 505 ## - FORMATTED CONTENTS NOTE | |
| Formatted contents note | Introduction (Page-7), Marathon, 490 BC (Page-10), Nika Rebellion, 532 AD (Page-16),Bunker Hill, 1775 AD (Page-21), Arbela, 331 BC (Page-26), Hattin, 1187 AD (Page-31), Diu, 1509 AD (Page-36), Britain, 1940 AD (Page-42), Constantinople, Part-1, 1205 AD (Page-46), Tsushima, 1905 AD (Page-51), Saratoga, 1777 AD (Page-55), Valmy, 1782 AD (Page-60), Adrianople, 378 AD (Page-63),Midway, 1942 AD (PAge-67), Hasting, 10666 AD (PAge-72), Tenochtitlan, 1520-21 AD (Page-77), Stalingrad, 1942-43 AD (Page-88), Busta Gallorum, 552 AD (Page-94), Lechfeld, 955 AD (Page-100), Dublin, 1916 AD (PAge-104), Emmaus, 166 BC (Page-113), Yarmuk, 636 AD (Page-117), battle of the Artantic, 1939-45 AD (Page-121), Cannae, 216 BC (page-127), Malplaquet, 1709 AD (Page-135), Carrhae, 53 BC (Page-140), Constantinople, Part-2, 1453 AD (Page-145), The Armada, 1588 AD (Page-150), The Marne, 1914 AD (Page-156), Rhodes, 1522 AD (Page-161), Tours, 732 AD (PAge-170), Tanga, 1914 AD (Page-174), Chalons, 451 AD (Page-180), Las Navas de Toloso, 1212 AD (Page-185), Gupta, 1180 AD (Page-191) ,Chickamauge, 1863 AD (Page-196), Lepanto, 1571 AD (Page-205 ), New Orleans, 1814 AD (Page-210), Petrograd, 1917 AD (Page-218) ,France, 1918 AD (Page-222), The Alamo, 1836 Ad (Page-229), We- Sung, 1862 AD (Page-234), Waterloo, 1815 AD (Page-240),kadisiyah,637 AD (Page-245), Kazan,1552 AD (Page-249), Lutzen,1632 (Page-255), ManilaBay, 1898 AD (Page-264), Tet Pffensive, 1968 AD (Page-270), Rome, 390 Bc (Page-275), Sedan, 1870 Ad (Page-279), Poltave, 1709 AD (Page-286). |
| 650 #0 - SUBJECT ADDED ENTRY--TOPICAL TERM | |
| Topical term or geographic name entry element | Battles. |
| 9 (RLIN) | 48667 |
| 650 #0 - SUBJECT ADDED ENTRY--TOPICAL TERM | |
| Topical term or geographic name entry element | Military history. |
| 650 #0 - SUBJECT ADDED ENTRY--TOPICAL TERM | |
| Topical term or geographic name entry element | Naval history. |
| 9 (RLIN) | 49548 |
| 942 ## - ADDED ENTRY ELEMENTS (KOHA) | |
| Source of classification or shelving scheme | |
| Koha item type | Book |
| Call number prefix | 904.7,WEI |
| Withdrawn status | Lost status | Source of classification or shelving scheme | Damaged status | Not for loan | Permanent Location | Current Location | Shelving location | Date acquired | Total Checkouts | Full call number | Barcode | Date last seen | Price effective from | Koha item type | Public note |
|---|---|---|---|---|---|---|---|---|---|---|---|---|---|---|---|
| Military College of Signals (MCS) | Military College of Signals (MCS) | General Stacks | 01/27/2023 | 904.7,WEI | MCS37795 | 01/27/2023 | 01/27/2023 | Book | Almirah No.58, Shelf No.3 |
